|
|
|
|
| LEADER |
00000cam a2200000 7i4500 |
| 001 |
0000004008 |
| 005 |
20220105103955.0 |
| 008 |
070724 |
| 020 |
|
|
|a 0721415547
|
| 090 |
0 |
0 |
|a JP
|b FT ENG (5165)
|
| 245 |
0 |
0 |
|a Beauty and the Beast
|c This ladybird retelling by Audrey Daly;Illustrated by Robert Ayton
|
| 260 |
|
|
|a London :
|b Ladybird Books Ltd ,
|c 1993
|
| 440 |
|
|
|a Ladybird favourite tales
|
| 500 |
|
|
|a Children age 4-6 years old (yellow)
|
| 650 |
|
0 |
|a Fairy tale
|
| 650 |
|
0 |
|a Junior preschool
|x English
|x Languages
|
| 700 |
0 |
|
|a Ayton,Robert
|
| 700 |
0 |
|
|a Daly, Audrey
|
| 999 |
|
|
|a 0000894263
|b Book
|c Children Collection
|e Cawangan Pontian
|
| 999 |
|
|
|a 0000894264
|b Book
|c Children Collection
|e Cawangan Pontian
|
| 999 |
|
|
|a 0000894266
|b Book
|c Children Collection
|e Cawangan Segamat
|
| 999 |
|
|
|a 0000894267
|b Book
|c Children Collection
|e Cawangan Mersing
|
| 999 |
|
|
|a 0000972816
|b Book
|c Children Collection
|e Perbadanan Perpustakaan Awam Johor
|
| 999 |
|
|
|a 0000972817
|b Book
|c Children Collection
|e Perbadanan Perpustakaan Awam Johor
|
| 999 |
|
|
|a 0000972818
|b Book
|c Children Collection
|e Cawangan Sri Merlong
|
| 999 |
|
|
|a 0000972819
|b Book
|c Children Collection
|e Perbadanan Perpustakaan Awam Johor
|
| 999 |
|
|
|a 0000972820
|b Book
|c Children Collection
|e Perbadanan Perpustakaan Awam Johor
|